000
00177 a2200097 4500
020
_a
978141693357
041
_a
eng
100
_a
Randy DeBoer
245
_a
Opposites
942
_c
K
999
_c
26694
_d
26694